Blackadder Quiz - Statistics

General Stats
  • This quiz has been taken 953 times
    664 since last reset
  • The average score is 12 of 25
Answer Stats
Question Answer % Correct
What is Blackadder's forename? Edmund
97%
In 'Money', what is the colour of Percy's 'gold'? Green
91%
What was tied to the end of Baldrick's nose in order to catch mice? Cheese
81%
What do the drunkards wear to Blackadder's drinking party? Comedy Breasts
67%
In which series does Blackadder definitely not die in the end? Series 3
65%
In 'Major Star', what does Baldrick use for a false moustache to imitate Charlie Chaplin? A Dead Slug
64%
What religion was Blackadder's aunt and uncle in 'Beer'? Puritan
59%
In 'Ink and Incapability', what word(s) did Dr Johnson leave out of his dictionary? Sausage/Aardvark
56%
What rank in the army was George in Series 4? Lieutenant
55%
In 'Corporal Punishment', Edmund is sentenced to death after eating General Melchett’s favourite pigeon. What was the pigeon's name? Speckled Jim
55%
What was Nursie's real name? Bernard
50%
In 'General Hospital', who has a girlfriend called Doris? Captain Darling
50%
In 'Head', what was the surname shared by 2 members of the jail staff? Ploppy
45%
What does Blackadder sell to Mr and Mrs Pants in 'Money'? His House
44%
What present does Blackadder bring back for the Queen on his voyage in 'Potato'? A Boomerang
43%
In George's painting in 'Captain Cook', who does Baldrick pose as? A Nun
42%
General Melchett continuously confuses Blackadder with Corporal Black. What is Black's job? Barber
40%
What is the name of the dachshund who lives in Dunny-on-the-Wold in 'Dish and Dishonesty'? Colin
37%
In 'The Queen of Spain's Beard', who was Blackadder made to marry? The Spanish Infanta
36%
In 'Captain Cook', what does Baldrick's cream custard have the texture of? Cat Vomit
33%
What is Blackadder's novel called in 'Ink and Incapability'? Edmund: A Butler's Tale
31%
In 'The Foretelling', what does Blackadder consider calling himself before settling on the slightly more fortunate name of Black Adder? The Black Vegetable
26%
In 'Money', Blackadder tells a sailor a story. What was the story about? A Squirrel
23%
What play do The Prince and Blackadder go to see in 'Sense and Senility'? Julius Caesar
20%
In 'The Black Seal', The Hawk intends to torture Blackadder to death over a period of fifteen years using which sort of creature? Snails
15%
No matching quizzes found
Score Distribution
Percent of People with Each Score
Percentile by Number Answered
Your Score History
You have not taken this quiz since the last reset